Syracuse Basketball: Top 10 All-Time Leaders - Statistics

General Stats
  • This quiz has been taken 155 times
    49 since last reset
  • The average score is 36 of 90
Answer Stats
Category # Player Amount % Correct
Three Pointers Made 2 Buddy Boeheim 309
68%
Points 2 Derrick Coleman 2,143
68%
Rebounds 1 Derrick Coleman 1,537
68%
Steals 10 Derrick Coleman 187
68%
Blocks 3 Derrick Coleman 318
68%
Field Goal Percent 5 Derrick Coleman 56.8%
68%
Games T3 Derrick Coleman 143
68%
Points 4 Gerry McNamara 2,099
68%
Assists 3 Gerry McNamara 648
68%
Steals 2 Gerry McNamara 258
68%
Three Pointers Made 1 Gerry McNamara 400
68%
Points 9 Dave Bing 1,883
61%
Points Per Game 1 Dave Bing 24.8
61%
Assists 9 Jonny Flynn 439
61%
Assists 4 Pearl Washington 637
61%
Steals 4 Pearl Washington 220
61%
Games T3 C.J. Fair 143
55%
Points 5 Hakim Warrick 2,073
55%
Rebounds 4 Hakim Warrick 1,025
55%
Points 1 Lawrence Moten 2,334
52%
Steals 7 Lawrence Moten 215
52%
Three Pointers Made 9 Lawrence Moten 197
52%
Points Per Game 4 Lawrence Moten 19.3
52%
Blocks 7 Rakeem Christmas 247
52%
Games T6 Rakeem Christmas 142
52%
Three Pointers Made 4 Andy Rautins 282
48%
Points 6 Sherman Douglas 2,060
48%
Assists 1 Sherman Douglas 960
48%
Steals 3 Sherman Douglas 235
48%
Steals 8 Trevor Cooney 209
48%
Three Pointers Made 5 Trevor Cooney 281
48%
Games 8 Trevor Cooney 141
48%
Three Pointers Made 7 Eric Devendorf 208
45%
Points Per Game 8 Judah Mintz 17.5
45%
Rebounds 7 Roosevelt Bouie 987
45%
Field Goal Percent 4 Roosevelt Bouie 59.3%
45%
Assists 6 Scoop Jardine 619
45%
Games T9 Scoop Jardine 140
45%
Field Goal Percent 8 Louis Orr 55.5%
42%
Rebounds 8 Rick Jackson 930
42%
Blocks 6 Rick Jackson 259
42%
Games T3 Rick Jackson 143
42%
Rebounds 2 Rony Seikaly 1,094
42%
Blocks 2 Rony Seikaly 319
42%
Field Goal Percent 7 Rony Seikaly 56.0%
42%
Assists 10 Brandon Triche 438
39%
Games 1 Brandon Triche 147
39%
Rebounds 9 Billy Owens 910
35%
Steals 6 Billy Owens 216
35%
Points Per Game 7 Billy Owens 17.9
35%
Points 3 John Wallace 2,119
35%
Rebounds 3 John Wallace 1,065
35%
Blocks 8 John Wallace 209
35%
Points Per Game 10 John Wallace 16.7
35%
Assists 5 Adrian Autry 631
32%
Steals 5 Adrian Autry 217
32%
Blocks 1 Etan Thomas 424
32%
Field Goal Percent 2 Etan Thomas 60.0%
32%
Points 7 Stephen Thompson 1,956
32%
Field Goal Percent 6 Stephen Thompson 56.0%
32%
Games 2 Stephen Thompson 144
32%
Field Goal Percent 1 Arinze Onuaku 64.8%
29%
Blocks 9 Craig Forth 205
29%
Assists 8 Joseph Girard 445
29%
Three Pointers Made 3 Joseph Girard 297
29%
Points 8 Preston Shumpert 1,907
29%
Three Pointers Made 6 Preston Shumpert 249
29%
Points 10 Rafael Addison 1,876
29%
Assists 2 Jason Hart 709
26%
Steals 1 Jason Hart 329
26%
Games T9 Kris Joseph 140
26%
Rebounds 10 Bill Smith 903
23%
Field Goal Percent 3 Bill Smith 59.6%
23%
Points Per Game 2 Bill Smith 20.7
23%
Field Goal Percent 10 Otis Hill 55.1%
23%
Rebounds 6 Rudy Hackett 990
19%
Field Goal Percent 9 Rudy Hackett 55.1%
19%
Points Per Game 9 Rudy Hackett 17.2
19%
Blocks 10 Conrad McRae 203
16%
Blocks 4 Darryl Watkins 263
16%
Three Pointers Made 8 Demetris Nichols 205
16%
Assists 7 Eddie Moss 539
16%
Blocks 5 Jeremy McNeil 260
16%
Rebounds 5 Jon Cincebox 1,004
16%
Steals 9 Todd Burgan 192
16%
Games T6 Baye Moussa Keita 142
10%
Points Per Game 6 Dennis DuVal 18.6
10%
Points Per Game 5 Greg Kohls 19.2
10%
Points Per Game 3 Vin Cohen 19.7
6%
Three Pointers Made 10 Marius Janulis 190
3%
No matching quizzes found
Score Distribution
Percent of People with Each Score
Percentile by Number Answered
Your Score History
You have not taken this quiz since the last reset